000 00725cam a22002537a 4500
001 002117
003 armpunfd
005 20140612090659.0
008 070928e0####xx#a##########000#0#und#d
040 _aarmpunfd
_carmpunfd
080 _a341.238 C 156
100 1 0 _a Campins, Monica
245 1 0 _aGlobalizacion, empleo y transicion democratica
260 _a Uenos Aires : Eudeba
_b1998. Isbn : 950-23-0844-1. 88 P.
650 7 _a Convertibilidad
_2LEMB
650 7 _a Democracia
_2LEMB
650 7 _a Derecho Internacional
_2LEMB
650 7 _a Desocupacion
_2LEMB
650 7 _a Empleo
_2LEMB
650 7 _a Globalizacion
_2LEMB
650 7 _a Pobreza
_2LEMB
942 _cLB
_2cdu
945 _aCatalis
_d2010-08-19
999 _c2108
_d232612